[Event "Toronto int."]
[Site "Toronto CAN"]
[Date "1998.05.17"]
[Round "6"]
[White "Taylor, Gordon"]
[Black "Garcia, Gildardo"]
[Result "0-1"]
[WhiteElo "2325"]
[BlackElo "2505"]
[PlyCount "70"]
[GameId "2160767911873349"]
[EventDate "1998.05.14"]
[EventType "swiss"]
[EventRounds "9"]
[EventCountry "CAN"]
[SourceTitle "CBM 65 ext"]
[Source "ChessBase"]
[SourceDate "1998.09.09"]
[SourceVersion "1"]
[SourceVersionDate "1998.09.09"]
[SourceQuality "1"]

1. d4 Nf6 2. c4 e6 3. g3 c5 4. Nf3 cxd4 5. Nxd4 d5 6. Bg2 e5 7. Nf3 d4 8. O-O Nc6 9. e3 Bg4 10. exd4 exd4 11. Qb3 Qd7 12. Bf4 Bxf3 13. Bxf3 Be7 14. Nd2 O-O 15. Ne4 Rac8 16. Rac1 Rfd8 17. Rfd1 h6 18. c5 Nxe4 19. Bxe4 g5 20. Bd2 Ne5 21. f4 d3 22. Be3 gxf4 23. gxf4 Qh3 24. Bf2 Ng4 25. Bg3 Bxc5+ 26. Kh1 d2 27. Rc3 Re8 28. Qc2 Ne3 29. Qxd2 Rxe4 30. Rdc1 Kh7 31. Qe2 Rg8 32. Qf3 Rxg3 33. Qxe4+ f5 34. Rxe3 fxe4 35. Rxg3 Qf5 0-1

[Event "Toronto int."]
[Site "Toronto CAN"]
[Date "1998.05.17"]
[Round "6"]
[White "Wight, Keith"]
[Black "Ruiz, Richard"]
[Result "1-0"]
[WhiteElo "2163"]
[BlackElo "2165"]
[PlyCount "55"]
[GameId "2160767911873350"]
[EventDate "1998.05.14"]
[EventType "swiss"]
[EventRounds "9"]
[EventCountry "CAN"]
[SourceTitle "CBM 65 ext"]
[Source "ChessBase"]
[SourceDate "1998.09.09"]
[SourceVersion "1"]
[SourceVersionDate "1998.09.09"]
[SourceQuality "1"]

1. e4 c6 2. d4 d5 3. e5 Bf5 4. Nf3 e6 5. Be2 c5 6. Be3 Qc7 7. O-O Nc6 8. Na3 a6 9. c4 cxd4 10. Nxd4 Bxa3 11. Nxf5 exf5 12. bxa3 d4 13. Bg5 h6 14. Bd2 Nge7 15. Bb4 Qxe5 16. Bf3 Nxb4 17. axb4 O-O-O 18. Re1 Qc7 19. b5 a5 20. c5 Kb8 21. Qd2 g5 22. Rac1 Nc8 23. b6 Qd7 24. Qxa5 Rde8 25. Rxe8 Rxe8 26. c6 bxc6 27. Bxc6 Re1+ 28. Qxe1 1-0

[Event "Toronto int."]
[Site "Toronto CAN"]
[Date "1998.05.17"]
[Round "6"]
[White "Yee, Lorne"]
[Black "Djerkovic, Miladin"]
[Result "1/2-1/2"]
[WhiteElo "2189"]
[BlackElo "2265"]
[PlyCount "79"]
[GameId "2160767911873351"]
[EventDate "1998.05.14"]
[EventType "swiss"]
[EventRounds "9"]
[EventCountry "CAN"]
[SourceTitle "CBM 65 ext"]
[Source "ChessBase"]
[SourceDate "1998.09.09"]
[SourceVersion "1"]
[SourceVersionDate "1998.09.09"]
[SourceQuality "1"]

1. Nf3 Nf6 2. d4 g6 3. c4 Bg7 4. Nc3 d6 5. e4 O-O 6. Be2 e5 7. dxe5 dxe5 8. Qxd8 Rxd8 9. Bg5 c6 10. O-O Na6 11. Nxe5 Re8 12. f4 Nc5 13. Bf3 Nh5 14. Bxh5 gxh5 15. Nf3 h6 16. Bh4 Nxe4 17. Nxe4 Rxe4 18. Rae1 Bf5 19. Rxe4 Bxe4 20. Ne5 Re8 21. Rd1 Bxe5 22. fxe5 Rxe5 23. Rd7 c5 24. Re7 Re6 25. Rxe6 fxe6 26. Be7 Bd3 27. Bxc5 b6 28. Be3 Bxc4 29. b3 Bd5 30. Bxh6 Kf7 31. Kf2 Kg6 32. Bf4 Kf5 33. Bb8 a6 34. Bc7 b5 35. Ke3 e5 36. g3 Be4 37. a4 Bd5 38. axb5 axb5 39. b4 e4 40. h3 1/2-1/2

[Event "Toronto int."]
[Site "Toronto CAN"]
[Date "1998.05.17"]
[Round "7"]
[White "Calton, Bill"]
[Black "Gandolfi, Fred"]
[Result "1-0"]
[WhiteElo "2270"]
[BlackElo "2210"]
[PlyCount "79"]
[GameId "2160767911873354"]
[EventDate "1998.05.14"]
[EventType "swiss"]
[EventRounds "9"]
[EventCountry "CAN"]
[SourceTitle "CBM 65 ext"]
[Source "ChessBase"]
[SourceDate "1998.09.09"]
[SourceVersion "1"]
[SourceVersionDate "1998.09.09"]
[SourceQuality "1"]

1. d4 d5 2. Bg5 h6 3. Bh4 Nf6 4. Bxf6 exf6 5. e3 Bd6 6. Bd3 O-O 7. Ne2 Nc6 8. c3 Ne7 9. Qc2 Be6 10. Nd2 b6 11. e4 c6 12. O-O Qc7 13. f4 dxe4 14. Nxe4 Nd5 15. Nxd6 Ne3 16. Qc1 Nxf1 17. Ne4 Nxh2 18. Kxh2 Bg4 19. N2g3 f5 20. Nf2 g6 21. Qd2 Rae8 22. Rf1 h5 23. Nxg4 hxg4 24. Qf2 Qe7 25. Rd1 Qd8 26. Nf1 Kg7 27. Nd2 Rh8+ 28. Kg1 Rh7 29. Qg3 Reh8 30. Kf2 c5 31. dxc5 bxc5 32. Nc4 Re8 33. Bc2 Qb8 34. Bb3 Rhh8 35. Rd7 Rd8 36. Re7 Kf8 37. Qe3 f6 38. Nd6 Rxd6 39. Rf7+ Kg8 40. Rb7+ 1-0

[Event "Toronto int."]
[Site "Toronto CAN"]
[Date "1998.05.17"]
[Round "7"]
[White "Chow, Albert"]
[Black "Southam, David"]
[Result "1-0"]
[WhiteElo "2330"]
[BlackElo "2155"]
[PlyCount "76"]
[GameId "2160767911873355"]
[EventDate "1998.05.14"]
[EventType "swiss"]
[EventRounds "9"]
[EventCountry "CAN"]
[SourceTitle "CBM 65 ext"]
[Source "ChessBase"]
[SourceDate "1998.09.09"]
[SourceVersion "1"]
[SourceVersionDate "1998.09.09"]
[SourceQuality "1"]

1. Nf3 d5 2. d4 e6 3. c4 c6 4. Qc2 Nf6 5. g3 dxc4 6. Qxc4 b5 7. Qc2 Bb7 8. Bg2 Qb6 9. O-O c5 10. a4 b4 11. Nbd2 Nbd7 12. a5 Qa6 13. Qc4 Rc8 14. b3 Qxc4 15. Nxc4 Bxf3 16. Bxf3 cxd4 17. Bf4 Nc5 18. Rad1 Nxb3 19. Nd6+ Bxd6 20. Bxd6 Rc4 21. e3 Kd7 22. Be2 Rc6 23. Bxb4 Rb8 24. Ba3 Rc2 25. Bf3 Ra2 26. Bc1 Rxa5 27. Bb2 Rb4 28. Bc3 Raa4 29. Bxb4 Rxb4 30. exd4 Nxd4 31. Kg2 a5 32. Ra1 Nxf3 33. Kxf3 a4 34. Rfb1 Rxb1 35. Rxb1 Nd5 36. Rb7+ Kc6 37. Ra7 Kb5 38. Rb7+ Ka5 1-0

[Event "Toronto int."]
[Site "Toronto CAN"]
[Date "1998.05.17"]
[Round "7"]
[White "Djerkovic, Miladin"]
[Black "Haessel, Dale"]
[Result "1-0"]
[WhiteElo "2265"]
[BlackElo "2225"]
[PlyCount "45"]
[GameId "2160767911873356"]
[EventDate "1998.05.14"]
[EventType "swiss"]
[EventRounds "9"]
[EventCountry "CAN"]
[SourceTitle "CBM 065 Extra"]
[Source "ChessBase"]
[SourceDate "1998.09.09"]
[SourceVersion "1"]
[SourceVersionDate "1998.09.09"]
[SourceQuality "1"]

1. e4 c5 2. Nf3 d6 3. d4 cxd4 4. Nxd4 Nf6 5. Nc3 a6 6. Be2 e5 7. Nb3 Be7 8. O-O O-O 9. f4 b5 10. a4 b4 11. Nd5 Nxd5 12. exd5 Bb7 13. a5 Nd7 14. Ra4 Nc5 15. Rxb4 Rb8 16. c4 Qd7 17. Nxc5 dxc5 18. Rb3 Bd6 19. f5 Qc7 20. Qe1 Be7 21. f6 Bxf6 22. Rxf6 gxf6 23. Qh4 1-0

[Event "Toronto int."]
[Site "Toronto CAN"]
[Date "1998.05.17"]
[Round "7"]
[White "Dougherty, Michael"]
[Black "Rositsan, Boris"]
[Result "1/2-1/2"]
[WhiteElo "2275"]
[BlackElo "2241"]
[PlyCount "157"]
[GameId "2160767911873357"]
[EventDate "1998.05.14"]
[EventType "swiss"]
[EventRounds "9"]
[EventCountry "CAN"]
[SourceTitle "CBM 65 ext"]
[Source "ChessBase"]
[SourceDate "1998.09.09"]
[SourceVersion "1"]
[SourceVersionDate "1998.09.09"]
[SourceQuality "1"]

1. e4 d5 2. exd5 Qxd5 3. Nc3 Qa5 4. d4 Nf6 5. Nf3 Bg4 6. h3 Bh5 7. Bc4 Nc6 8. d5 Bxf3 9. Qxf3 Ne5 10. Qe2 Nxc4 11. Qxc4 O-O-O 12. b4 Qb6 13. Be3 Qd6 14. Rd1 e6 15. dxe6 Qxb4 16. Rxd8+ Kxd8 17. Qd3+ Qd6 18. Qb5 Qb4 19. O-O Qxc3 20. Qxb7 fxe6 21. Qa8+ Ke7 22. Rd1 Kf7 23. g3 Nd5 24. Rxd5 exd5 25. Qxd5+ Ke8 26. Qe6+ Be7 27. Qc8+ Bd8 28. Qe6+ Kf8 29. Qd5 Qf6 30. h4 c6 31. Qd7 h6 32. Bd4 Qf7 33. Qxd8+ Qe8 34. Qc7 Rh7 35. Qxa7 Kg8 36. Qa6 g6 37. Qc4+ Rf7 38. a4 Kh7 39. Be3 Rf5 40. g4 Rd5 41. Kg2 Qe6 42. a5 h5 43. a6 Qxg4+ 44. Qxg4 hxg4 45. Bb6 Rd1 46. a7 Ra1 47. f3 gxf3+ 48. Kxf3 Ra4 49. Be3 Kg8 50. Bc5 Kf7 51. c4 Ke6 52. Ke3 Kd7 53. Kd4 Kc7 54. Ke5 Kb7 55. Be7 Rxc4 56. Bg5 Rg4 57. Kf6 c5 58. Kxg6 c4 59. Kf5 Rg1 60. Ke4 Rg3 61. Bf6 Kxa7 62. Kf4 Rg2 63. Bd4+ Ka6 64. h5 Rd2 65. Bg7 Rf2+ 66. Kg3 Rf1 67. h6 Rh1 68. Kg4 Kb5 69. Kg5 Kb4 70. Kg6 Rg1+ 71. Kf7 Rh1 72. Kg6 Rg1+ 73. Kf7 Rh1 74. Kg6 c3 75. Bxc3+ Kxc3 76. h7 Kd4 77. Kg7 Rg1+ 78. Kf7 Rf1+ 79. Kg7 1/2-1/2

[Event "Toronto int."]
[Site "Toronto CAN"]
[Date "1998.05.17"]
[Round "7"]
[White "Gardner, Robert"]
[Black "Friedman, Aviv"]
[Result "1/2-1/2"]
[WhiteElo "2180"]
[BlackElo "2360"]
[PlyCount "65"]
[GameId "2160767911873360"]
[EventDate "1998.05.14"]
[EventType "swiss"]
[EventRounds "9"]
[EventCountry "CAN"]
[SourceTitle "CBM 65 ext"]
[Source "ChessBase"]
[SourceDate "1998.09.09"]
[SourceVersion "1"]
[SourceVersionDate "1998.09.09"]
[SourceQuality "1"]

1. e4 e6 2. d4 d5 3. Nd2 Nf6 4. e5 Nfd7 5. f4 c5 6. c3 Nc6 7. Ndf3 Qb6 8. g3 cxd4 9. cxd4 Bb4+ 10. Kf2 g5 11. fxg5 Ndxe5 12. Nxe5 Nxe5 13. Kg2 Nc6 14. Nf3 Bd6 15. b3 Bd7 16. Be2 O-O-O 17. Rf1 Rdg8 18. Be3 h6 19. gxh6 Qc7 20. Qe1 f5 21. Ne5 Nxe5 22. dxe5 Bxe5 23. Rc1 Bc6 24. Bb5 f4 25. Bxc6 bxc6 26. Bxf4 Bxf4 27. Qxe6+ Kb8 28. Rxc6 Qe5 29. Rxf4 Qxf4 30. Rc8+ Rxc8 31. gxf4 Rcd8 32. Qc6 d4 33. Qb5+ 1/2-1/2

[Event "Toronto int."]
[Site "Toronto CAN"]
[Date "1998.05.17"]
[Round "7"]
[White "Golyak, Isay"]
[Black "Wight, Keith"]
[Result "1-0"]
[WhiteElo "2290"]
[BlackElo "2163"]
[PlyCount "99"]
[GameId "2160767911873362"]
[EventDate "1998.05.14"]
[EventType "swiss"]
[EventRounds "9"]
[EventCountry "CAN"]
[SourceTitle "CBM 65 ext"]
[Source "ChessBase"]
[SourceDate "1998.09.09"]
[SourceVersion "1"]
[SourceVersionDate "1998.09.09"]
[SourceQuality "1"]

1. e4 c5 2. Nf3 d6 3. d4 cxd4 4. Nxd4 Nf6 5. Nc3 a6 6. Bc4 e6 7. Bb3 b5 8. O-O Be7 9. f4 O-O 10. f5 e5 11. Nde2 Bb7 12. Ng3 Nbd7 13. Be3 Rc8 14. Qe2 Qc7 15. Rad1 Rfd8 16. Nd5 Bxd5 17. exd5 Re8 18. c3 Bd8 19. Nh5 Nxh5 20. Qxh5 Nf6 21. Qe2 Qb7 22. Kh1 a5 23. a3 b4 24. Ba4 Re7 25. Bc6 Qb8 26. axb4 axb4 27. Ra1 bxc3 28. bxc3 Qb3 29. Qd3 e4 30. Qd4 Qc2 31. Bg5 Re5 32. Bf4 Rxf5 33. Bxd6 Rxf1+ 34. Rxf1 Qe2 35. Qf2 Qxf2 36. Rxf2 Bb6 37. Rb2 Ba7 38. Ra2 Bb8 39. Ra8 e3 40. Rxb8 Rxb8 41. Bxb8 Ne4 42. Bb5 Nxc3 43. Bc4 f5 44. Be5 Ne4 45. Bf4 Nf2+ 46. Kg1 Nd1 47. d6+ Kf8 48. Kf1 h6 49. Bb5 g5 50. d7 1-0

[Event "Toronto int."]
[Site "Toronto CAN"]
[Date "1998.05.17"]
[Round "7"]
[White "Kapetanovic, Armin"]
[Black "Kreiman, Boris"]
[Result "1/2-1/2"]
[WhiteElo "2465"]
[BlackElo "2445"]
[PlyCount "191"]
[GameId "2160767911873365"]
[EventDate "1998.05.14"]
[EventType "swiss"]
[EventRounds "9"]
[EventCountry "CAN"]
[SourceTitle "CBM 65 ext"]
[Source "ChessBase"]
[SourceDate "1998.09.09"]
[SourceVersion "1"]
[SourceVersionDate "1998.09.09"]
[SourceQuality "1"]

1. d4 Nf6 2. Nf3 g6 3. c4 Bg7 4. Nc3 d5 5. Bf4 O-O 6. Rc1 dxc4 7. e4 Bg4 8. Bxc4 c6 9. e5 Nd5 10. Bxd5 cxd5 11. Qb3 Bxf3 12. gxf3 Nc6 13. Be3 Rb8 14. Qxd5 Qxd5 15. Nxd5 Rfd8 16. Rxc6 bxc6 17. Nxe7+ Kf8 18. Nxc6 Rxb2 19. Bc1 Rc2 20. Ba3+ Ke8 21. Nxd8 Bf8 22. Bxf8 Rc1+ 23. Ke2 Rxh1 24. Nxf7 Kxf7 25. Bc5 Ke6 26. Bxa7 Rxh2 27. a4 Rh1 28. a5 Ra1 29. Bb6 g5 30. Bd8 Kf5 31. Bc7 Ke6 32. Bd8 h6 33. f4 gxf4 34. Kf3 Kf5 35. Bc7 Ra3+ 36. Kg2 Ke6 37. Bb6 h5 38. Bd8 Kf5 39. Kh2 Ra4 40. Bb6 Ra2 41. Kg2 h4 42. Bd8 h3+ 43. Kxh3 Rxf2 44. Bb6 Ra2 45. d5 Ra3+ 46. Kh2 Ra2+ 47. Kh3 Kxe5 48. Bc7+ Kxd5 49. Bxf4 Rxa5 50. Kg2 Ke4 51. Bh2 Ra2+ 52. Kh1 Kf3 53. Bg1 Kg3 54. Bc5 Kf3 55. Bg1 Kg3 56. Bc5 Rh2+ 57. Kg1 Kh3 58. Bd6 Rg2+ 59. Kf1 Rg6 60. Bc7 Kg4 61. Kg2 Ra6 62. Bb8 Ra2+ 63. Kg1 Kf3 64. Bc7 Rg2+ 65. Kh1 Rg6 66. Kh2 Re6 67. Kg1 Rg6+ 68. Kh2 Kf2 69. Kh1 Rf6 70. Bb8 Rc6 71. Ba7+ Kg3 72. Bb8+ Kf3 73. Kg1 Rc8 74. Bd6 Kg4 75. Kg2 Rc2+ 76. Kg1 Kh3 77. Bb8 Rg2+ 78. Kf1 Rg7 79. Bd6 Rg6 80. Bc7 Kg4 81. Kg2 Rc6 82. Bb8 Rc2+ 83. Kg1 Rb2 84. Bc7 Kf3 85. Bd6 Rg2+ 86. Kh1 Rg7 87. Kh2 Rd7 88. Bb8 Kf2 89. Kh1 Rd1+ 90. Kh2 Rd8 91. Ba7+ Kf3 92. Bb6 Rd2+ 93. Kh1 Rd6 94. Ba7 Rg6 95. Bb8 Kf2 96. Bc7 1/2-1/2

[Event "Toronto int."]
[Site "Toronto CAN"]
[Date "1998.05.17"]
[Round "7"]
[White "Lamb, Bryan"]
[Black "Linskiy, Oleg"]
[Result "0-1"]
[WhiteElo "2110"]
[BlackElo "2375"]
[PlyCount "88"]
[GameId "2160767911873367"]
[EventDate "1998.05.14"]
[EventType "swiss"]
[EventRounds "9"]
[EventCountry "CAN"]
[SourceTitle "CBM 065 Extra"]
[Source "ChessBase"]
[SourceDate "1998.09.09"]
[SourceVersion "1"]
[SourceVersionDate "1998.09.09"]
[SourceQuality "1"]

1. c4 e5 2. g3 d5 3. cxd5 Qxd5 4. Nf3 Nf6 5. Bg2 Nc6 6. Nc3 Qd8 7. d3 Bd6 8. O-O O-O 9. Bd2 Bg4 10. Qa4 h6 11. Rac1 a6 12. Be3 Bd7 13. Qc2 Re8 14. h3 Rb8 15. Rfd1 Qc8 16. Kh2 Ne7 17. Ne4 Nxe4 18. dxe4 Bc6 19. Nd2 Qe6 20. Nc4 Red8 21. a3 b6 22. h4 a5 23. Bh3 Qg6 24. Bf5 Qf6 25. b3 Bb5 26. Qd2 Nxf5 27. exf5 Bxa3 28. Nxa3 Rxd2 29. Rxd2 c6 30. Nxb5 cxb5 31. Rd5 b4 32. Rc7 Qxf5 33. Re7 Qc2 34. Rdxe5 Qxb3 35. Bf4 Ra8 36. Rb7 Qc4 37. Ree7 a4 38. e4 a3 39. e5 a2 40. e6 a1=Q 41. exf7+ Kh7 42. Be5 Qxf7 43. Bxa1 Qxf2+ 44. Kh3 Qf5+ 0-1

[Event "Toronto int."]
[Site "Toronto CAN"]
[Date "1998.05.17"]
[Round "7"]
[White "Milicevic, Goran"]
[Black "Jung, Hans"]
[Result "1-0"]
[WhiteElo "2370"]
[BlackElo "2240"]
[PlyCount "109"]
[GameId "2160767911873368"]
[EventDate "1998.05.14"]
[EventType "swiss"]
[EventRounds "9"]
[EventCountry "CAN"]
[SourceTitle "CBM 065 Extra"]
[Source "ChessBase"]
[SourceDate "1998.09.09"]
[SourceVersion "1"]
[SourceVersionDate "1998.09.09"]
[SourceQuality "1"]

1. d4 Nf6 2. Nf3 c5 3. d5 b5 4. c4 bxc4 5. Nc3 d6 6. e4 Nbd7 7. Bxc4 g6 8. Qa4 Bg7 9. e5 dxe5 10. Nxe5 O-O 11. Nc6 Nb6 12. Qb5 Qd6 13. Be3 Bd7 14. Bxc5 Bxc6 15. dxc6 Qe5+ 16. Be3 Nxc4 17. Qxc4 Rfc8 18. Rc1 e6 19. O-O Nd5 20. Nxd5 exd5 21. Qc5 d4 22. Qxe5 Bxe5 23. f4 dxe3 24. fxe5 Rab8 25. Rc2 Rb5 26. Rfc1 Rxe5 27. Kf1 Rc7 28. b4 a5 29. a3 Kf8 30. Rc5 Rxc5 31. Rxc5 axb4 32. axb4 Ke7 33. b5 Kd6 34. Rc3 Rc8 35. Ke2 Kc7 36. Rxe3 Kb6 37. Re5 Rd8 38. Re7 Kxb5 39. c7 Rc8 40. Rxf7 h6 41. Rg7 g5 42. Kf3 Kc6 43. Rh7 Rf8+ 44. Kg3 Kb7 45. Rxh6 Kxc7 46. Rg6 Kd7 47. Rxg5 Ke6 48. Rg4 Ra8 49. Rf4 Rg8+ 50. Kf3 Rh8 51. h4 Ke5 52. g3 Ke6 53. Kg2 Ke5 54. Kh3 Rh7 55. Rf1 1-0

[Event "Toronto int."]
[Site "Toronto CAN"]
[Date "1998.05.17"]
[Round "7"]
[White "Okolotowicz, Zbigniew"]
[Black "Hum, Peter"]
[Result "1/2-1/2"]
[WhiteElo "2213"]
[BlackElo "2267"]
[PlyCount "76"]
[GameId "2160767911873370"]
[EventDate "1998.05.14"]
[EventType "swiss"]
[EventRounds "9"]
[EventCountry "CAN"]
[SourceTitle "CBM 65 ext"]
[Source "ChessBase"]
[SourceDate "1998.09.09"]
[SourceVersion "1"]
[SourceVersionDate "1998.09.09"]
[SourceQuality "1"]

1. e4 c5 2. Nf3 Nc6 3. d4 cxd4 4. Nxd4 e5 5. Nb5 d6 6. c4 Be7 7. N1c3 a6 8. Na3 Be6 9. Nc2 Bg5 10. Ne3 Nge7 11. Ned5 Bxc1 12. Rxc1 O-O 13. Bd3 Nd4 14. Nxe7+ Qxe7 15. Ne2 Bg4 16. Qd2 Bxe2 17. Bxe2 Rac8 18. O-O Rc7 19. Bg4 Qh4 20. h3 g6 21. g3 Qd8 22. Rc3 Kh8 23. Kg2 f5 24. exf5 gxf5 25. Bd1 Qf6 26. Bc2 Rg8 27. Rd1 Qh4 28. Re3 Rcg7 29. Qc3 Nxc2 30. Qxc2 f4 31. Qe4 Qh5 32. Qf3 Qg6 33. Rc3 Rf7 34. Qd3 e4 35. Qxd6 Qxd6 36. Rxd6 e3 37. fxe3 Rxg3+ 38. Kf2 Rxh3 1/2-1/2

[Event "Toronto int."]
[Site "Toronto CAN"]
[Date "1998.05.17"]
[Round "7"]
[White "Rajlich, Vasik"]
[Black "Yee, Lorne"]
[Result "1/2-1/2"]
[WhiteElo "2265"]
[BlackElo "2189"]
[PlyCount "85"]
[GameId "2160767911873371"]
[EventDate "1998.05.14"]
[EventType "swiss"]
[EventRounds "9"]
[EventCountry "CAN"]
[SourceTitle "CBM 65 ext"]
[Source "ChessBase"]
[SourceDate "1998.09.09"]
[SourceVersion "1"]
[SourceVersionDate "1998.09.09"]
[SourceQuality "1"]

1. e4 d5 2. exd5 Qxd5 3. Nc3 Qa5 4. b4 Qxb4 5. Rb1 Qd6 6. Nb5 Qd8 7. Nf3 a6 8. Nc3 Nf6 9. g3 b6 10. Bg2 Bb7 11. O-O e6 12. Re1 Be7 13. d4 O-O 14. Qd3 Nbd7 15. Bf4 g6 16. Ne2 c5 17. h4 Qc8 18. c3 Be4 19. Qd1 Qb7 20. Nc1 Bxb1 21. Nd2 Qa7 22. Nxb1 cxd4 23. Bxa8 Rxa8 24. cxd4 Nd5 25. Bh6 b5 26. h5 Bf6 27. Re4 Bg7 28. Bxg7 Kxg7 29. Nb3 N5f6 30. Rh4 Nxh5 31. Rxh5 gxh5 32. Qxh5 Rc8 33. N1d2 Qb7 34. Qg5+ Kh8 35. Qf4 f5 36. Nf3 Qe4 37. Qd6 Qxf3 38. Qxd7 Qc6 39. Qf7 Qe8 40. Qf6+ Kg8 41. Nc5 Rc6 42. Qg5+ Kf8 43. Qf6+ 1/2-1/2

[Event "Toronto int."]
[Site "Toronto CAN"]
[Date "1998.05.17"]
[Round "7"]
[White "Ruiz, Richard"]
[Black "Dutton, Warren"]
[Result "1/2-1/2"]
[WhiteElo "2165"]
[BlackElo "2120"]
[PlyCount "29"]
[GameId "2160767911873372"]
[EventDate "1998.05.14"]
[EventType "swiss"]
[EventRounds "9"]
[EventCountry "CAN"]
[SourceTitle "CBM 065 Extra"]
[Source "ChessBase"]
[SourceDate "1998.09.09"]
[SourceVersion "1"]
[SourceVersionDate "1998.09.09"]
[SourceQuality "1"]

1. d4 Nf6 2. Nf3 b6 3. Bf4 Bb7 4. e3 e6 5. Be2 Be7 6. O-O O-O 7. c4 c5 8. Nc3 d5 9. cxd5 Nxd5 10. Nxd5 Qxd5 11. dxc5 Bxc5 12. Qxd5 Bxd5 13. a3 a5 14. Rac1 Nc6 15. Bg3 1/2-1/2

[Event "Toronto int."]
[Site "Toronto CAN"]
[Date "1998.05.17"]
[Round "7"]
[White "Teodoro, Eduardo"]
[Black "Davies, Nigel Rodney"]
[Result "1/2-1/2"]
[WhiteElo "2365"]
[BlackElo "2515"]
[PlyCount "75"]
[GameId "2160767911873374"]
[EventDate "1998.05.14"]
[EventType "swiss"]
[EventRounds "9"]
[EventCountry "CAN"]
[SourceTitle "CBM 065 Extra"]
[Source "ChessBase"]
[SourceDate "1998.09.09"]
[SourceVersion "1"]
[SourceVersionDate "1998.09.09"]
[SourceQuality "1"]

1. e4 c5 2. Nf3 e6 3. d4 cxd4 4. Nxd4 a6 5. c4 Nf6 6. Nc3 Qc7 7. a3 b6 8. Bd3 Bb7 9. O-O d6 10. Be3 Nbd7 11. f3 Be7 12. Rc1 O-O 13. Rf2 Rac8 14. Bf1 Qb8 15. b4 Rfe8 16. g3 Bf8 17. Nb3 Ba8 18. Rd2 h6 19. c5 bxc5 20. bxc5 dxc5 21. Bxa6 Rc6 22. Bb5 Rd6 23. Rcc2 Rc8 24. Rxd6 Bxd6 25. Rd2 c4 26. Na5 Bc7 27. Bxd7 Nxd7 28. Nxc4 Bc6 29. Ne2 Qb5 30. Nd4 Qxc4 31. Nxc6 Qxc6 32. Rxd7 Bb6 33. Bxb6 Qxb6+ 34. Kg2 Qb2+ 35. Rd2 Qxa3 36. Rd8+ Rxd8 37. Qxd8+ Kh7 38. Qd2 1/2-1/2

[Event "Toronto int."]
[Site "Toronto CAN"]
[Date "1998.05.17"]
[Round "7"]
[White "Vucic, Mladen"]
[Black "Ochkoos, Jura"]
[Result "1/2-1/2"]
[WhiteElo "2365"]
[BlackElo "2270"]
[PlyCount "96"]
[GameId "2160767911873375"]
[EventDate "1998.05.14"]
[EventType "swiss"]
[EventRounds "9"]
[EventCountry "CAN"]
[SourceTitle "CBM 65 ext"]
[Source "ChessBase"]
[SourceDate "1998.09.09"]
[SourceVersion "1"]
[SourceVersionDate "1998.09.09"]
[SourceQuality "1"]

1. d4 d5 2. Nf3 c5 3. c4 e6 4. cxd5 exd5 5. g3 c4 6. Bg2 Bb4+ 7. Nc3 Ne7 8. O-O O-O 9. Bd2 Nbc6 10. b3 Qa5 11. Qe1 Bg4 12. a3 Bxc3 13. Bxc3 Qa6 14. bxc4 Qxc4 15. Qd2 f6 16. Rfc1 Qa4 17. e3 Rfd8 18. Ne1 Nb8 19. Nd3 b6 20. Bb4 Nbc6 21. Bf1 Nxb4 22. axb4 Qd7 23. b5 h5 24. Nb4 h4 25. Nc6 Re8 26. Nxe7+ Rxe7 27. Qc2 hxg3 28. hxg3 Rd8 29. Ra3 Bf3 30. Rc3 Be4 31. Qe2 Qf5 32. Bg2 Bxg2 33. Kxg2 Qe4+ 34. Qf3 Kf7 35. Qxe4 dxe4 36. Rc7 Rdd7 37. Rxd7 Rxd7 38. f3 exf3+ 39. Kxf3 Rd5 40. Rc7+ Kg6 41. Rxa7 Rxb5 42. g4 Rb1 43. Rb7 b5 44. Ke4 b4 45. Kd3 Rb3+ 46. Ke4 Rb1 47. Kd3 Rb3+ 48. Ke4 Rb1 1/2-1/2

[Event "Toronto int."]
[Site "Toronto CAN"]
[Date "1998.05.18"]
[Round "8"]
[White "Djerkovic, Miladin"]
[Black "Gardner, Robert"]
[Result "0-1"]
[WhiteElo "2265"]
[BlackElo "2180"]
[PlyCount "98"]
[GameId "2160767911873379"]
[EventDate "1998.05.14"]
[EventType "swiss"]
[EventRounds "9"]
[EventCountry "CAN"]
[SourceTitle "CBM 65 ext"]
[Source "ChessBase"]
[SourceDate "1998.09.09"]
[SourceVersion "1"]
[SourceVersionDate "1998.09.09"]
[SourceQuality "1"]

1. e4 c5 2. Nf3 d6 3. d4 cxd4 4. Nxd4 Nf6 5. Nc3 a6 6. Be2 e5 7. Nb3 Be7 8. f4 b5 9. fxe5 dxe5 10. Qxd8+ Bxd8 11. Bg5 h6 12. Bxf6 Bxf6 13. a4 bxa4 14. Nxa4 Bh4+ 15. g3 Bd8 16. O-O h5 17. Bc4 Ra7 18. Nbc5 Bh3 19. Rf2 Bg5 20. Ra3 Rh6 21. Raf3 Rd6 22. Bd5 f6 23. Rb3 Nd7 24. Rff3 Nxc5 25. Nxc5 Rc7 26. Nb7 Rxd5 27. exd5 Rxc2 28. Nd6+ Kd7 29. Ne4 Rg2+ 30. Kf1 Rxg3+ 31. Ke2 Rg2+ 32. Kd3 Rxh2 33. Nxg5 fxg5 34. Rb6 e4+ 35. Kxe4 Bg2 36. Ke3 Bxf3 37. Kxf3 g4+ 38. Kf4 Rf2+ 39. Ke5 Re2+ 40. Kf4 Rf2+ 41. Ke5 g3 42. Rb7+ Kc8 43. Rxg7 h4 44. d6 g2 45. Rg8+ Kd7 46. Rg7+ Kc6 47. Rc7+ Kb6 48. Rc1 h3 49. d7 Rd2 0-1

[Event "Toronto int."]
[Site "Toronto CAN"]
[Date "1998.05.18"]
[Round "8"]
[White "Gandolfi, Fred"]
[Black "Ruiz, Richard"]
[Result "1-0"]
[WhiteElo "2210"]
[BlackElo "2165"]
[PlyCount "79"]
[GameId "2160767911873381"]
[EventDate "1998.05.14"]
[EventType "swiss"]
[EventRounds "9"]
[EventCountry "CAN"]
[SourceTitle "CBM 65 ext"]
[Source "ChessBase"]
[SourceDate "1998.09.09"]
[SourceVersion "1"]
[SourceVersionDate "1998.09.09"]
[SourceQuality "1"]

1. d4 e6 2. c4 Bb4+ 3. Nc3 b6 4. a3 Bxc3+ 5. bxc3 Bb7 6. f3 f5 7. e3 Nf6 8. Bd3 O-O 9. Ne2 Qe8 10. O-O d6 11. Qc2 Nbd7 12. e4 fxe4 13. fxe4 e5 14. Ng3 Qg6 15. Bb2 Rae8 16. Rae1 Nh5 17. Rxf8+ Nxf8 18. Nxh5 Qxh5 19. c5 Bc8 20. cxd6 cxd6 21. a4 Bd7 22. Ba3 exd4 23. cxd4 d5 24. Bxf8 Kxf8 25. e5 Kg8 26. Bb5 Qh4 27. Qf2 Qxf2+ 28. Kxf2 Bxb5 29. axb5 Rc8 30. Ra1 Rc2+ 31. Kf3 Rb2 32. Rxa7 Rxb5 33. e6 Kf8 34. Kf4 Rb2 35. Ke5 Rxg2 36. Kd6 g5 37. Ra8+ Kg7 38. e7 Re2 39. e8=Q Re6+ 40. Qxe6 1-0